[Event "Agarr's SC Free for All 4"]
[Site "SchemingMind.com"]
[Date "2006.12.24"]
[Round "-"]
[White "Negrito19"]
[Black "agarr"]
[Result "0-1"]
[WhiteCountry "ARG"]
[BlackCountry "RUS"]
[WhiteElo "1560"]
[WhiteRD "56"]
[BlackElo "1736"]
[BlackRD "70"]
[GameID "83302"]

1. e4 e5 2. Nf3 Nc6 3. Nc3 Bc5 4. Bc4 Nf6 5. Ng5 O-O 6. d3 h6 7. Nf3 d6 8. h3 Be6 9. Bxe6 fxe6 10. a3 Nd4
11. Nxd4 Bxd4 12. Qe2 Qe8 13. a4 c6 14. Be3 d5 15. O-O-O c5 16. Nb5 Qc6 17. f4 Bxe3+ 18. Qxe3 d4 19. Qg3 exf4 20. Qxf4 a6
21. Nc7 Rac8 22. Nxe6 Qxe6 23. Qf5 Qc6 24. b3 b5 25. axb5 axb5 26. Rhf1 c4 27. dxc4 bxc4 28. e5 Ne4 29. Qg4 cxb3 30. Rxf8+ Rxf8
31. Qe2 Rf2 32. Qxf2 Nxf2 33. Rd2 Nd3+ 34. Kb1 Qc3 35. Rxd3 Qxc2+
0-1

[Event "Agarr's SC Free for All 4"]
[Site "SchemingMind.com"]
[Date "2006.12.24"]
[Round "-"]
[White "Negrito19"]
[Black "norlavuaram"]
[Result "1-0"]
[WhiteCountry "ARG"]
[BlackCountry "PER"]
[WhiteElo "1581"]
[WhiteRD "58"]
[BlackElo "1710"]
[BlackRD "67"]
[GameID "83303"]

1. e4 c5 2. Bc4 Nc6 3. Nf3 e6 4. Nc3 d6 5. d3 Nf6 6. Bg5 Be7 7. O-O O-O 8. Nh4 a6 9. f4 b5 10. Bb3 Bb7
11. e5 dxe5 12. fxe5 Nd5 13. Bxe7 Ndxe7 14. Ne4 Nxe5 15. Nxc5 Qd4+ 16. Rf2 Qxc5 17. d4 Qc7 18. dxe5 Qxe5 19. Qd7 Qxb2 20. Raf1 Bd5
21. Qxe7 Qd4 22. Bxd5 exd5 23. Nf3 Qb6 24. Ne5 Rae8 25. Qg5 Qe6 26. Nxf7 h6 27. Qh5 d4 28. Rf5 Qe3+ 29. Kh1 Re7 30. Nxh6+
1-0

[Event "Agarr's SC Free for All 4"]
[Site "SchemingMind.com"]
[Date "2006.12.22"]
[Round "-"]
[White "Negrito19"]
[Black "Nightlamp"]
[Result "0-1"]
[WhiteCountry "ARG"]
[BlackCountry "BEL"]
[WhiteElo "1581"]
[WhiteRD "58"]
[BlackElo "1932"]
[BlackRD "79"]
[GameID "83305"]

1. e4 c5 2. Bc4 e6 3. Nf3 a6 4. Nc3 b5 5. Bb3 c4 6. a4 cxb3 7. axb5 Bc5 8. d4 Bb4 9. O-O Bxc3 10. bxc3 Nf6
11. Bg5 h6 12. Bxf6 bxc2 13. Bxd8 cxd1=Q 14. Rfxd1 Kxd8 15. Ne5 Ke7 16. d5 d6 17. Nc6+ Kd7 18. Nxb8+ Rxb8 19. bxa6 e5 20. Ra5 Ra8
21. a7 Bb7 22. Rb1 Kc7 23. Rbb5 Bc8 24. c4 Bd7 25. Rb3 f5 26. c5 dxc5 27. Rxc5+ Kd6 28. Rb6+ Kxc5 29. Ra6 Rhc8 30. exf5 Kb5
31. Ra1 Rxa7 32. Rb1+ Kc5 33. h3 Kxd5 34. g4 Ba4 35. Rb2 Rc4 36. Rb6 Bc6 37. Rb8 Ke4 38. Kg2 Kf4+ 39. Kf1 Rc2 40. Rb4+ Be4
41. Kg1 Ra1+ 42. Kh2 Rxf2#
0-1

[Event "Agarr's SC Free for All 4"]
[Site "SchemingMind.com"]
[Date "2006.12.22"]
[Round "-"]
[White "Negrito19"]
[Black "markakeen"]
[Result "0-1"]
[WhiteCountry "ARG"]
[BlackCountry "GBR"]
[WhiteElo "1560"]
[WhiteRD "56"]
[BlackElo "2020"]
[BlackRD "90"]
[GameID "83306"]

1. e4 c5 2. Bc4 e6 3. Nc3 Nc6 4. Nf3 Nf6 5. d4 cxd4 6. Nxd4 Bb4 7. a3 Bxc3+ 8. bxc3 Nxe4 9. Nxc6 bxc6 10. Bb2 Qb6
11. O-O Qxb2 12. Qg4 O-O 13. Qxe4 d5 14. Rab1 Qxc3 15. Qd3 Qxc4 16. Qxc4 dxc4 17. Rb4 Ba6 18. Rd1 Rfd8 19. Rdb1 Bb5 20. a4 a5
21. R4b2 Bxa4 22. c3 Bb5 23. h3 Rd3 24. Rc2 a4 25. Kf1 a3 26. Ra1 e5 27. f3 f5 28. Kf2 Kf7 29. Re2 Kf6 30. Rc2 e4
31. fxe4 fxe4 32. Re2 Ke5 33. Rc1 Ba4 34. Re3 Rxe3 35. Kxe3 a2 36. Ra1 Bb3 37. g4 Rd8 38. h4 Rd1 39. Rxd1 Bxd1 40. g5 a1=Q
41. h5 Qxc3+ 42. Kf2 Qf3+ 43. Kg1 e3 44. g6 Qf2+ 45. Kh1 Bf3#
0-1

[Event "Agarr's SC Free for All 4"]
[Site "SchemingMind.com"]
[Date "2006.12.23"]
[Round "-"]
[White "cnbcad"]
[Black "Negrito19"]
[Result "0-1"]
[WhiteCountry "USA"]
[BlackCountry "ARG"]
[WhiteElo "1455"]
[WhiteRD "52"]
[BlackElo "1560"]
[BlackRD "56"]
[GameID "83307"]

1. e4 e5 2. Nf3 Nc6 3. Bc4 Nf6 4. Ng5 d5 5. exd5 Nxd5 6. d4 h6 7. Nxf7 Kxf7 8. Qf3+ Ke7 9. O-O Nxd4 10. Qe4 c6
11. Re1 Qd6 12. Qh4+ g5 13. Bxg5+ hxg5 14. Qxh8 Nf6 15. Nc3 Bf5 16. Bd3 Bxd3 17. cxd3 Nc2 18. Rxe5+ Qxe5 19. Ne4 Nxa1
0-1

[Event "Agarr's SC Free for All 4"]
[Site "SchemingMind.com"]
[Date "2006.12.26"]
[Round "-"]
[White "agarr"]
[Black "Negrito19"]
[Result "1-0"]
[WhiteCountry "RUS"]
[BlackCountry "ARG"]
[WhiteElo "1736"]
[WhiteRD "70"]
[BlackElo "1560"]
[BlackRD "56"]
[GameID "83308"]

1. e4 e5 2. Nf3 Nc6 3. Bc4 h6 4. c3 Nf6 5. O-O Bc5 6. d4 exd4 7. cxd4 Bb6 8. Re1 O-O 9. e5 d5 10. exf6 dxc4
11. fxg7 Kxg7 12. d5 Ne7 13. Qd2 Qd6 14. Nc3 Ba5 15. Qd4+ f6 16. Qxc4 Bxc3 17. bxc3 Nxd5 18. Ba3 Qxa3 19. Qxd5 Qxc3 20. Rac1 c6
21. Qd6 Qb2 22. Re7+ Rf7 23. Rce1 Rxe7 24. Rxe7+ Kg6 25. Ne5+ Kh5 26. Qd1+ Kg5 27. h4+ Kxh4 28. g3+ Kg5 29. f4+ Kf5 30. Qd3#
1-0

[Event "Agarr's SC Free for All 4"]
[Site "SchemingMind.com"]
[Date "2006.12.22"]
[Round "-"]
[White "Nightlamp"]
[Black "Negrito19"]
[Result "1-0"]
[WhiteCountry "BEL"]
[BlackCountry "ARG"]
[WhiteElo "1839"]
[WhiteRD "88"]
[BlackElo "1560"]
[BlackRD "56"]
[GameID "83311"]

1. d4 d5 2. Nf3 Nc6 3. g3 Nf6 4. Bg2 Bf5 5. O-O e6 6. c4 b6 7. Nc3 Bb4 8. Qa4 Qd7 9. Bf4 O-O 10. Rac1 Bxc3
11. Rxc3 Nxd4 12. Qxd7 Nxe2+ 13. Kh1 Nxd7 14. Re3 Nxf4 15. gxf4 dxc4 16. Nd4 Bd3 17. Rc1 Rad8 18. Nc6 Rde8 19. b3 b5 20. Nb4 Nc5
21. Bc6 Rb8 22. Re5 a5 23. Rxc5 axb4 24. Bxb5 Be4+ 25. Kg1 c3 26. a4 Rb7 27. Rc4 c6 28. Rxe4 cxb5 29. Rxb4 Rfb8 30. Rxc3 bxa4
31. Rxb7 Rxb7= 32. Rc8#
1-0

[Event "Agarr's SC Free for All 4"]
[Site "SchemingMind.com"]
[Date "2006.12.22"]
[Round "-"]
[White "markakeen"]
[Black "Negrito19"]
[Result "1-0"]
[WhiteCountry "GBR"]
[BlackCountry "ARG"]
[WhiteElo "2020"]
[WhiteRD "90"]
[BlackElo "1560"]
[BlackRD "56"]
[GameID "83312"]

1. e4 e5 2. Nf3 Nc6 3. Bc4 Nf6 4. d3 h6 5. O-O Bc5 6. c3 d6 7. h3 a6 8. Re1 O-O 9. d4 Na5 10. Bd3 Bb6
11. dxe5 dxe5 12. Nxe5 c5 13. Qf3 Bc7 14. Ng4 Nxg4 15. hxg4 Qh4 16. Qh3 Qxg4 17. Qxg4 Bxg4 18. Be3 c4 19. Bf1 f5 20. f3 Bh5
21. exf5 Bg3 22. Bf2 Bf4 23. g4 Be8 24. Re4 g5 25. Bxc4+ Bf7 26. Bxf7+ Rxf7 27. Na3 Rc8 28. Bb6 Nc6 29. Nc4 Rd7 30. Rae1 Kf7
31. Be3 Bxe3+ 32. R1xe3 b5 33. Ne5+ Nxe5 34. Rxe5 Rcc7 35. Kf2 Rd2+ 36. Re2 Rcd7 37. Rxd2 Rxd2+ 38. Re2 Rd1= 39. Ke3 Rh1 40. f4 Rh3+
41. Ke4 gxf4 42. Kxf4 Rh4 43. Kg3 Rh1 44. Rh2 Rxh2= 45. Kxh2 Kf6 46. Kg3 Kg5= 47. b3 a5 48. a4 bxa4 49. bxa4 h5 50. gxh5 Kxf5
51. Kh4 Kf6 52. c4 Ke5 53. h6 Kd4 54. h7 Kxc4 55. h8=Q Kb3 56. Qd4 Ka3 57. Kg3 Kb3 58. Kf3 Ka3 59. Ke3 Kb3 60. Kd3 Ka3
61. Kc2 Ka2 62. Qb2#
1-0

[Event "Agarr's SC Free for All 4"]
[Site "SchemingMind.com"]
[Date "2006.12.23"]
[Round "-"]
[White "paddyBosnian"]
[Black "cnbcad"]
[Result "1-0"]
[WhiteCountry "BIH"]
[BlackCountry "USA"]
[WhiteElo "1933"]
[WhiteRD "77"]
[BlackElo "1455"]
[BlackRD "52"]
[GameID "83350"]

1. d4 d5 2. c4 dxc4 3. e4 e5 4. Nf3 exd4 5. Bxc4 Nc6 6. O-O g6 7. e5 Bg4 8. Qb3 Qd7 9. Ng5 Be6 10. Nxe6 fxe6
11. Bxe6 Qe7 12. Bxg8 Qg7 13. Qxb7
1-0

[Event "Agarr's SC Free for All 4"]
[Site "SchemingMind.com"]
[Date "2006.12.24"]
[Round "-"]
[White "paddyBosnian"]
[Black "agarr"]
[Result "1-0"]
[WhiteCountry "BIH"]
[BlackCountry "RUS"]
[WhiteElo "1933"]
[WhiteRD "77"]
[BlackElo "1736"]
[BlackRD "70"]
[GameID "83351"]

1. d4 d5 2. c4 e6 3. Nf3 Bb4+ 4. Bd2 Bxd2+ 5. Nbxd2 Nf6 6. e3 O-O 7. Rc1 c6 8. Qc2 Na6 9. a3 b6 10. b4 Bb7
11. c5 b5 12. Bd3 h6 13. Ne5 Nb8 14. O-O Nbd7 15. f4 Nxe5 16. fxe5 Nh5 17. Nf3 g5 18. g4 Ng7 19. h3 a5 20. Ra1 Qe7
21. Qg2 axb4 22. axb4 Qc7 23. Qd2 Ra6 24. Rxa6 Bxa6 25. Kg2 Ra8 26. Bc2 Ne8 27. Qd3 f6 28. exf6 Nxf6 29. Nxg5 Qe7 30. Qg6+
1-0

[Event "Agarr's SC Free for All 4"]
[Site "SchemingMind.com"]
[Date "2006.12.24"]
[Round "-"]
[White "paddyBosnian"]
[Black "norlavuaram"]
[Result "1-0"]
[WhiteCountry "BIH"]
[BlackCountry "PER"]
[WhiteElo "1962"]
[WhiteRD "72"]
[BlackElo "1690"]
[BlackRD "72"]
[GameID "83352"]

1. d4 Nf6 2. c4 g6 3. Nc3 Bg7 4. e4 d6 5. Nf3 O-O 6. Be2 e5 7. d5 Nbd7 8. O-O Nh5 9. Ne1 Nf4 10. Be3 Nxe2+
11. Qxe2 f5 12. f3 Nf6 13. Nd3 f4 14. Bf2 g5 15. c5 g4 16. Bh4 gxf3 17. Qxf3 Qe8 18. Bxf6 Rxf6 19. cxd6 cxd6 20. Rac1 Rg6
21. Nf2 Qe7 22. Nb5 a6 23. Nc7 Rb8 24. Rc2 Qh4 25. Rfc1 Rh6 26. Nxa6 Qxh2+ 27. Kf1 bxa6 28. Rxc8+ Rxc8 29. Rxc8+ Bf8 30. Ra8 Rg6
31. Qh3 Qxh3 32. Nxh3 Rg3 33. Kf2 Re3 34. Ng5
1-0

[Event "Agarr's SC Free for All 4"]
[Site "SchemingMind.com"]
[Date "2006.12.22"]
[Round "-"]
[White "paddyBosnian"]
[Black "mkefeli"]
[Result "0-1"]
[WhiteCountry "BIH"]
[BlackCountry "TUR"]
[WhiteElo "1941"]
[WhiteRD "79"]
[BlackElo "2065"]
[BlackRD "73"]
[GameID "83353"]

1. d4 c5 2. dxc5 e6 3. g3 Bxc5 4. Bg2 Nf6 5. Nf3 O-O 6. O-O Nc6 7. c4 b6 8. Nc3 Bb7 9. a3 Rc8 10. e4 Ng4
11. h3 Nge5 12. Nxe5 Nxe5 13. b3 f5 14. Bb2 f4 15. Kh2 Bxf2 16. gxf4 Rxf4 17. Qh5 Rc5 18. Nd5 Nd3 19. Bc3 exd5 20. exd5 Qe7
21. Rad1 g6 22. Qh6 Rh4 23. Qd2 Qd6+ 24. Kh1 Rxd5 25. cxd5 Rxh3+
0-1

[Event "Agarr's SC Free for All 4"]
[Site "SchemingMind.com"]
[Date "2006.12.23"]
[Round "-"]
[White "paddyBosnian"]
[Black "Negrito19"]
[Result "1-0"]
[WhiteCountry "BIH"]
[BlackCountry "ARG"]
[WhiteElo "1933"]
[WhiteRD "77"]
[BlackElo "1560"]
[BlackRD "56"]
[GameID "83354"]

1. d4 d5 2. c4 b6 3. cxd5 Qxd5 4. Nc3 Qa5 5. Nf3 Nc6 6. e4 Bg4 7. Be2 f6 8. O-O O-O-O 9. d5 e6 10. Bd2 Bxf3
11. gxf3 Ne5 12. f4 Ng6 13. Nb5 Bb4 14. Bxb4 Qxb4 15. Nxa7+ Kb7 16. Nc6 Qd6 17. Nxd8+ Qxd8 18. dxe6 Qxd1 19. Rfxd1 Nxf4 20. Bc4 Ne7
21. Rd7 Re8 22. Rad1 Nc6 23. Bd5 Nxe6 24. Rc1 Nc5 25. Rxg7 Rd8 26. b4 Nd3 27. Rxc6 Nxb4 28. Rcxc7+ Ka6 29. a4 Ka5 30. Ra7+ Na6
31. Bb7 Kxa4 32. Bxa6 b5 33. Rgb7 Rd1+ 34. Kg2 Rd4 35. Bxb5+ Kb3 36. Bd7+ Kc3 37. Bf5 h5 38. Rc7+ Kb4 39. Rab7+ Ka5 40. Rb2 Rd6
41. Rc1 Rd4 42. Ra1+ Ra4 43. Rxa4+ Kxa4 44. f4 Ka3 45. Rb8 h4 46. e5 fxe5 47. fxe5 Ka4 48. e6 h3+ 49. Bxh3 Ka5 50. e7 Ka4
51. e8=Q+ Ka5 52. Qb5#
1-0

[Event "Agarr's SC Free for All 4"]
[Site "SchemingMind.com"]
[Date "2006.12.23"]
[Round "-"]
[White "paddyBosnian"]
[Black "Nightlamp"]
[Result "0-1"]
[WhiteCountry "BIH"]
[BlackCountry "BEL"]
[WhiteElo "1962"]
[WhiteRD "72"]
[BlackElo "1954"]
[BlackRD "78"]
[GameID "83355"]

1. d4 d5 2. c4 Nc6 3. Nc3 Nf6 4. Nf3 dxc4 5. e4 Bg4 6. Be3 e6 7. Bxc4 Bb4 8. Qc2 O-O 9. Rd1 Bxf3 10. gxf3 Nh5
11. e5 Ne7 12. O-O c6 13. Kh1 Nd5 14. Nxd5 cxd5 15. Be2 Qh4 16. Rg1 Be7 17. Rg4 Qh3 18. Rdg1 f5 19. exf6 Bd6 20. R1g2 Nxf6
21. Rxg7+ Kh8 22. Qc1 Rac8= 23. Qd2 Nh5 24. R7g4 Nf6 25. Rg7 Nh5 26. Rd7 Rg8 27. Bg5 Bf4 28. Bd3 Qxg2+ 29. Kxg2 Rxg5+ 30. Kf1 Bxd2
31. Rxh7+ Kg8 32. Ke2 Nf4+ 33. Kxd2 Nxd3 34. Rxb7 Nxf2 35. Rxa7 Nh3 36. b4 Rg2+ 37. Kd3 Rf2 38. b5 Rxf3+ 39. Kd2 Nf4 40. b6 Rd3+
41. Ke1 Rc1+ 42. Kf2 Rc2+
0-1

[Event "Agarr's SC Free for All 4"]
[Site "SchemingMind.com"]
[Date "2006.12.22"]
[Round "-"]
[White "paddyBosnian"]
[Black "markakeen"]
[Result "1-0"]
[WhiteCountry "BIH"]
[BlackCountry "GBR"]
[WhiteElo "1933"]
[WhiteRD "77"]
[BlackElo "2020"]
[BlackRD "90"]
[GameID "83356"]

1. d4 Nf6 2. c4 g6 3. Nc3 Bg7 4. e4 d6 5. Nf3 O-O 6. Be2 Nbd7 7. O-O e5 8. Re1 c6 9. Bf1 a5 10. Rb1 Qc7
11. b3 Rd8 12. a3 Nf8 13. d5 h6 14. b4 b6 15. dxc6 axb4 16. axb4 Qxc6 17. Nxe5 Qc7 18. Nb5 Qb8 19. Nc6 Qb7 20. Nxd8 Qd7
21. Qxd6
1-0

[Event "Agarr's SC Free for All 4"]
[Site "SchemingMind.com"]
[Date "2006.12.23"]
[Round "-"]
[White "cnbcad"]
[Black "paddyBosnian"]
[Result "0-1"]
[WhiteCountry "USA"]
[BlackCountry "BIH"]
[WhiteElo "1455"]
[WhiteRD "52"]
[BlackElo "1933"]
[BlackRD "77"]
[GameID "83357"]

1. e4 c5 2. Nf3 d6 3. d4 cxd4 4. Nxd4 Nf6 5. Nc3 g6 6. Bc4 Bg7 7. Bg5 Bd7 8. h3 Nc6 9. Bxf6 Bxf6 10. Nce2 Nxd4
11. Nxd4 Qb6 12. c3 Qxb2 13. O-O Qxc3 14. Nb5 Qxc4 15. Rb1 Bxb5
0-1

[Event "Agarr's SC Free for All 4"]
[Site "SchemingMind.com"]
[Date "2006.12.24"]
[Round "-"]
[White "agarr"]
[Black "paddyBosnian"]
[Result "1/2-1/2"]
[WhiteCountry "RUS"]
[BlackCountry "BIH"]
[WhiteElo "1752"]
[WhiteRD "71"]
[BlackElo "1962"]
[BlackRD "72"]
[GameID "83358"]

1. e4 c5 2. Nf3 d6 3. Bb5+ Bd7 4. Bxd7+ Qxd7 5. O-O Nc6 6. d4 cxd4 7. Nxd4 Nf6 8. Nxc6 Qxc6 9. f3 Rc8 10. c3 g6
11. Be3 Bg7 12. Bxa7 b6 13. Qd4 O-O 14. Qxb6 Qxb6+ 15. Bxb6 Rb8 16. Ba5 Rxb2 17. a3 Rb7 18. Bb4 Nd7 19. Nd2 Rc8 20. Rfc1 Nc5
21. Ra2 Rbc7 22. Bxc5 Rxc5 23. c4 Bh6 24. a4 Bxd2 25. Rxd2 Rxc4 26. Rxc4 Rxc4 27. Ra2 Kf8 28. a5 Rc7 29. Rb2 Ke8 30. a6 Ra7
31. g4 Rxa6 32. Rb8+ Kd7 33. Rh8 Ra2 34. Rxh7 Ke6 35. h4 Kf6 36. f4 Ra4 37. g5+ Ke6 38. f5+ gxf5 39. exf5+ Kxf5 40. Rxf7+ Ke6
41. Rh7 Re4 42. Kf2 Kf5 43. Kf3 Re1 44. Rf7+ Kg6 45. Rf4 Kh5 46. Kg3 Re3+ 47. Kf2 Ra3 48. Rf3 Ra4 49. Rf7 Rxh4 50. Rxe7 Kxg5
51. Ke3 Kf6 52. Re8 Ra4 53. Kd3 Kf5 54. Re7 Kf6 55. Re8 Kf5 56. Re7 d5 57. Re8 Re4 58. Rxe4 dxe4+ 59. Ke2=
1/2-1/2

[Event "Agarr's SC Free for All 4"]
[Site "SchemingMind.com"]
[Date "2006.12.24"]
[Round "-"]
[White "norlavuaram"]
[Black "paddyBosnian"]
[Result "0-1"]
[WhiteCountry "PER"]
[BlackCountry "BIH"]
[WhiteElo "1690"]
[WhiteRD "72"]
[BlackElo "1962"]
[BlackRD "72"]
[GameID "83359"]

1. e4 c5 2. Nf3 d6 3. Bb5+ Bd7 4. Bxd7+ Qxd7 5. c4 Nc6 6. Nc3 g6 7. d4 cxd4 8. Nxd4 Bg7 9. Be3 Nf6 10. O-O Ng4
11. Nc2 Nxe3 12. Nxe3 Bxc3 13. bxc3 O-O 14. c5 Rfd8 15. cxd6 Qxd6 16. Qxd6 Rxd6 17. Rfd1 Rad8 18. Rxd6 Rxd6 19. Rd1= Rxd1+ 20. Nxd1 f6
21. Kf1 Kf7 22. Ke2 Ke6 23. f4 Kd6 24. Ke3 Kc5 25. Nb2 h5 26. Kd3 b5 27. a4 bxa4 28. Nxa4+ Kb5 29. Nb2 a5 30. h3 a4
31. c4+ Kb4 32. Kc2 a3 33. Nd1 Kxc4 34. f5 Nd4+ 35. Kb1 gxf5
0-1

[Event "Agarr's SC Free for All 4"]
[Site "SchemingMind.com"]
[Date "2006.12.23"]
[Round "-"]
[White "mkefeli"]
[Black "paddyBosnian"]
[Result "1/2-1/2"]
[WhiteCountry "TUR"]
[BlackCountry "BIH"]
[WhiteElo "2065"]
[WhiteRD "73"]
[BlackElo "1941"]
[BlackRD "79"]
[GameID "83360"]

1. e4 c5 2. Nf3 d6 3. d4 cxd4 4. Nxd4 Nf6 5. Nc3 g6 6. Be3 Bg7 7. f3 O-O 8. Qd2 Nc6 9. Bc4 Bd7 10. O-O-O Rc8
11. Bb3 Ne5 12. h4 Nc4 13. Bxc4 Rxc4 14. h5 Qc7 15. hxg6 fxg6 16. Bh6 Nxe4 17. fxe4 Rxd4 18. Qg5 Bf6 19. Qg3 Rxd1+ 20. Rxd1 Rc8
21. Rd3 Be6 22. Bg5 Be5 23. Qh4 Qb6 24. Bxe7 Rxc3 25. bxc3 Qg1+ 26. Kb2 Qc5 27. Bf6 Qb6+ 28. Kc1 Qg1+ 29. Kb2 Qb6+ 30. Kc1 Qg1+
31. Kb2 Qb6+ 32. Kc1=
1/2-1/2

[Event "Agarr's SC Free for All 4"]
[Site "SchemingMind.com"]
[Date "2006.12.23"]
[Round "-"]
[White "Negrito19"]
[Black "paddyBosnian"]
[Result "0-1"]
[WhiteCountry "ARG"]
[BlackCountry "BIH"]
[WhiteElo "1560"]
[WhiteRD "56"]
[BlackElo "1933"]
[BlackRD "77"]
[GameID "83361"]

1. e4 c5 2. Nf3 d6 3. Nc3 Nc6 4. Bc4 g6 5. d3 Bg7 6. Be3 Nf6 7. h3 O-O 8. d4 cxd4 9. Nxd4 Na5 10. Bd3 e5
11. Ndb5 a6 12. Na3 d5 13. Bg5 dxe4 14. Nxe4 Qb6 15. Bxf6 Bxf6 16. Nc4 Nxc4 17. Bxc4 Qb4+ 18. c3 Qxc4 19. Nxf6+ Kg7 20. Qf3 Bf5
21. b3 Qb5 22. c4 Qb4+ 23. Ke2 Kxf6 24. g4 Rad8 25. Rad1 Qa3 26. gxf5 Qxa2+ 27. Ke1 Rxd1+ 28. Qxd1 Qa5+ 29. Ke2 Rd8 30. Qc2= gxf5
31. Rd1 Ke6 32. Qb2= Rxd1 33. Kxd1 Qb4 34. h4 h5 35. Kc2 Qe1 36. f4 Qe2+ 37. Kb1 Qxb2+ 38. Kxb2 exf4 39. Kc3 f3 40. Kd3 f4
41. Ke4 f2 42. Kxf4 f1=Q+ 43. Ke4 Qe2+ 44. Kd4 Qd2+ 45. Kc5 Qd6#
0-1

[Event "Agarr's SC Free for All 4"]
[Site "SchemingMind.com"]
[Date "2006.12.23"]
[Round "-"]
[White "Nightlamp"]
[Black "paddyBosnian"]
[Result "0-1"]
[WhiteCountry "BEL"]
[BlackCountry "BIH"]
[WhiteElo "1839"]
[WhiteRD "88"]
[BlackElo "1933"]
[BlackRD "77"]
[GameID "83362"]

1. d4 Nf6 2. Nf3 g6 3. g3 Bg7 4. Bg2 O-O 5. O-O d5 6. c4 dxc4 7. Na3 c3 8. bxc3 c5 9. Bb2 Nc6 10. e3 e5
11. Nc4 exd4 12. cxd4 cxd4 13. Nxd4 Nxd4 14. Bxd4 Be6 15. Qe2 Rc8 16. Na5 Qxa5 17. Rfc1 Rxc1+ 18. Rxc1 Qxa2
0-1

[Event "Agarr's SC Free for All 4"]
[Site "SchemingMind.com"]
[Date "2006.12.23"]
[Round "-"]
[White "markakeen"]
[Black "paddyBosnian"]
[Result "0-1"]
[WhiteCountry "GBR"]
[BlackCountry "BIH"]
[WhiteElo "1448"]
[WhiteRD "303"]
[BlackElo "1889"]
[BlackRD "84"]
[GameID "83363"]

1. e4 c5 2. Nf3 d6 3. d4 cxd4 4. Nxd4 Nf6 5. Nc3 g6 6. Be2 Bg7 7. O-O O-O 8. Be3 Nc6 9. f4 Qb6 10. Rb1 Nxe4
11. Nf5 Nxc3 12. bxc3 Qa5 13. Nxg7 Qxc3
0-1

[Event "Agarr's SC Free for All 4"]
[Site "SchemingMind.com"]
[Date "2006.12.23"]
[Round "-"]
[White "calidore"]
[Black "cnbcad"]
[Result "1-0"]
[WhiteCountry "ISR"]
[BlackCountry "USA"]
[WhiteElo "1826"]
[WhiteRD "61"]
[BlackElo "1455"]
[BlackRD "52"]
[GameID "83364"]

1. e4 e5 2. Nf3 Nc6 3. Bc4 Nf6 4. d4 exd4 5. O-O Nxe4 6. Re1 d5 7. Bxd5 f5 8. Bxe4 fxe4 9. Rxe4+ Be7 10. Nxd4 Bf5
11. Rf4 Nxd4 12. Rxd4 Bd7 13. Nc3 O-O 14. Rxd7 Qe8 15. Qd5+ Kh8 16. Be3 Rd8 17. Rxd8 Qxd8 18. Qxd8 Rxd8 19. Rd1 Bd6 20. Bf4 h6
21. Ne4 b6 22. Bxd6 cxd6 23. Rxd6 Re8 24. f3 Rc8 25. c3 Re8 26. Rd7 a5 27. Kf2
1-0

[Event "Agarr's SC Free for All 4"]
[Site "SchemingMind.com"]
[Date "2006.12.23"]
[Round "-"]
[White "calidore"]
[Black "paddyBosnian"]
[Result "0-1"]
[WhiteCountry "ISR"]
[BlackCountry "BIH"]
[WhiteElo "1826"]
[WhiteRD "61"]
[BlackElo "1933"]
[BlackRD "77"]
[GameID "83365"]

1. e4 c6 2. d4 d5 3. exd5 cxd5 4. c3 Nc6 5. Bd3 Qc7 6. Ne2 e6 7. Bf4 Bd6 8. Bxd6 Qxd6 9. Na3 Nf6 10. Nb5 Qb8
11. Qd2 a6 12. Na3 b5 13. Qg5 O-O 14. O-O e5 15. dxe5 Nxe5 16. Bc2 h6 17. Qg3 Re8 18. Nd4 Nc4 19. Nxc4 dxc4 20. Qxb8 Rxb8
21. a3 Bb7 22. Rfe1 Kf8 23. a4 Rxe1+ 24. Rxe1 bxa4 25. Bxa4 Be4 26. b4 cxb3 27. Bxb3 Rc8 28. Ne2 Bd3 29. c4 Bxc4 30. Rc1 Be6
31. Rxc8+ Bxc8 32. Nd4 Ne4 33. Nc6 Bd7 34. Bd5 Nc3 35. Bf3 Bxc6 36. Bxc6 a5 37. Bd7 a4
0-1

[Event "Agarr's SC Free for All 4"]
[Site "SchemingMind.com"]
[Date "2006.12.24"]
[Round "-"]
[White "calidore"]
[Black "agarr"]
[Result "1-0"]
[WhiteCountry "ISR"]
[BlackCountry "RUS"]
[WhiteElo "1860"]
[WhiteRD "65"]
[BlackElo "1728"]
[BlackRD "72"]
[GameID "83366"]

1. e4 e5 2. Nf3 Nc6 3. Bc4 Bc5 4. b4 Bxb4 5. c3 Bc5 6. O-O Nf6 7. d4 exd4 8. cxd4 Be7 9. e5 Ne4 10. Bd5 Ng5
11. Nxg5 Bxg5 12. Qh5 g6 13. Qxg5 Qxg5 14. Bxg5 Nxd4 15. Nc3 Ne6 16. Bf6 Rg8 17. Rab1 c6 18. Bb3 b5 19. Ne4 a5 20. Rfd1
1-0

[Event "Agarr's SC Free for All 4"]
[Site "SchemingMind.com"]
[Date "2006.12.24"]
[Round "-"]
[White "calidore"]
[Black "norlavuaram"]
[Result "1-0"]
[WhiteCountry "ISR"]
[BlackCountry "PER"]
[WhiteElo "1826"]
[WhiteRD "61"]
[BlackElo "1790"]
[BlackRD "72"]
[GameID "83367"]

1. e4 c5 2. c3 d5 3. exd5 Qxd5 4. d4 Nf6 5. Nf3 Nc6 6. Be3 cxd4 7. cxd4 e6 8. Bd3 Bb4+ 9. Nc3 Qa5 10. O-O O-O
11. Ne4 Nxe4 12. Bxe4 Bd7 13. a3 Be7 14. Rc1 Rac8 15. b4 Qxa3 16. b5 Nd8 17. Rxc8 Bxc8 18. Qc2 Bd7 19. Bxh7+ Kh8 20. Bd3
1-0

[Event "Agarr's SC Free for All 4"]
[Site "SchemingMind.com"]
[Date "2006.12.22"]
[Round "-"]
[White "calidore"]
[Black "mkefeli"]
[Result "0-1"]
[WhiteCountry "ISR"]
[BlackCountry "TUR"]
[WhiteElo "1842"]
[WhiteRD "61"]
[BlackElo "2065"]
[BlackRD "73"]
[GameID "83368"]

1. e4 c5 2. c3 d5 3. exd5 Qxd5 4. d4 Nc6 5. Nf3 Bg4 6. Be2 O-O-O 7. Be3 e6 8. O-O Nf6 9. dxc5 Bxc5 10. Qxd5 Rxd5
11. Bc4 Rh5 12. Bxc5 Rxc5 13. Be2 Rd8 14. Na3 Ne5 15. Nxe5= Bxe2 16. Nxf7 Rd2 17. Rfc1 Bh5 18. b4 Rcd5 19. Nc4 Bxf7 20. Nxd2 Rxd2
21. f3 Nd5 22. Rd1 Rc2 23. Rdc1= Rxc1+ 24. Rxc1 Kc7 25. a3 Nf4 26. Rc2 Bg6 27. Rd2 b5 28. Kf2 Nd5 29. Rd1= Bc2 30. Rc1 Bd3
31. g3 Kd6 32. h4 Ke5 33. Re1+ Kf5 34. Rd1 Bc4 35. Rc1= Nb6 36. Rd1= Bd5 37. Ke3 Nc4+ 38. Kf2 Ne5 39. g4+ Kf6 40. Ra1 Bxf3
41. a4 a6 42. axb5 axb5 43. g5+ Kg6 44. Kg3 Bd5 45. Ra5 Bc4 46. Ra1 h5 47. gxh6 Kxh6 48. Re1= Nf7 49. Rd1 Kg6 50. Kf4 Kf6
51. Rd2 Nh6 52. Rh2 Nf5 53. Rh1 e5+ 54. Kg4 Be2+ 55. Kh3 e4 56. Re1 Bf3 57. Rc1 e3 58. c4 bxc4 59. Rxc4 e2 60. Rc1 Ne3
61. Kg3 Nd1
0-1

[Event "Agarr's SC Free for All 4"]
[Site "SchemingMind.com"]
[Date "2006.12.23"]
[Round "-"]
[White "calidore"]
[Black "Negrito19"]
[Result "1-0"]
[WhiteCountry "ISR"]
[BlackCountry "ARG"]
[WhiteElo "1826"]
[WhiteRD "61"]
[BlackElo "1560"]
[BlackRD "56"]
[GameID "83369"]

1. e4 e5 2. Nf3 Nc6 3. Bc4 h6 4. d4 Nf6 5. dxe5 Nxe4 6. Qd5 Qe7 7. Qxe4 d6 8. O-O f5 9. Qd5 Be6 10. Qxe6 Qxe6
11. Bxe6 dxe5 12. Bxf5 Bd6 13. Bg6+ Ke7 14. Nc3 a6 15. Be3 Rhf8 16. Rad1 Ke6 17. Rfe1 Rf6 18. Bh5 b5 19. Bg4+ Kf7 20. Ne4 Rg6
21. Bh5 Bb4 22. c3 Be7 23. Rd7 Ke6 24. Rxc7 Kd5 25. Bxg6 Nd8 26. Bf5 Nc6 27. Rd1+ Nd4 28. cxd4 exd4 29. Rxd4#
1-0